000 00495nam a2200193Ia 4500
005 20240823044020.0
008 240823s9999||||xx |||||||||||||| ||und||
020 _a0-07-451780-5
041 _aENGLISH
082 _A659.1 P2
100 _aManendra Mohan
245 0 _aAdvertising Management
250 _a1st
260 _c2002
_b"Tata McGraw-Hill Publishing Company Limited,New "
500 _aTRANSFERED
650 _aAdvertising
_bManagement Studies
942 _cBK
999 _c211569
_d211569